| 000 | 00507 a2200157 4500 | ||
|---|---|---|---|
| 005 | 20260417101406.0 | ||
| 008 | 260324b |||||||| |||| 00| 0 eng d | ||
| 020 | _a9789389012453 | ||
| 080 |
_a323.13=H _bDUB/H |
||
| 100 | _aDubey,Abhay Kumar | ||
| 245 | _aHindu ekta banam jnan kee rajneeti(हिंदू एकता बनाम ज्ञान की राजनीति) | ||
| 260 |
_bVani Prakashan. _aNew Delhi. _c2021. |
||
| 300 | _a278p. | ||
| 653 | _aHindu unity-Nationalism | ||
| 942 | _cOO | ||
| 999 |
_c114087 _d114086 |
||